Quiz Title - Statystyki

Ogólne statystyki
  • Ten quiz został rozwiązany 33 razy
  • Średni wynik to 12 z 15
Statystyki odpowiedzi
państwa Odpowiedź % Poprawnych
Polska warszawa
100%
Wielka brytania londyn
84%
Hiszpania madryt
84%
andora andora
81%
Niemcy Berlin
81%
Dania kopenhaga
81%
Portugalia lizbona
81%
Włochy Rzym
81%
Watykan Watykan
81%
Szawajcaria Berno
78%
Irlandia dublin
78%
San marino San marino
78%
Austria Wiedeń
78%
Islandia reykjavik
72%
liechtenstein Vaduz
66%
Nie znaleziono quizów pasujących do podanych kryteriów
Rozkład punktacji
Procent ludzi z każdym wynikiem
Percentyl według liczby udzielonych odpowiedzi
Twoja historia wyników
Nie rozwiązałeś tego quizu